| 000 | 00478nam a2200181Ia 4500 | ||
|---|---|---|---|
| 001 | 25324 | ||
| 005 | 20260414151142.0 | ||
| 008 | 260414t2017||||xx |||||||||||||| ||spa|| | ||
| 041 | _aESP | ||
| 082 |
_a346.46 _bV62 |
||
| 100 |
_aVicent López, Cristina _eAUT |
||
| 245 | 0 |
_aInternet y derechos de autor, nuevos modelos de explotación online N° 39 _b |
|
| 260 | _c2017 | ||
| 300 |
_a361 páginas : _c22 cm. |
||
| 650 | _aDER | ||
| 654 | _aCDE | ||
| 942 |
_cLIB _dJUS _fJUS _2ddc _n |
||
| 999 |
_c25324 _d25324 |
||